Catalog

Record Details

Catalog Search



39 no-prep/low-prep ESL speaking activities :  for teenagers and adults  Cover Image Book Book

39 no-prep/low-prep ESL speaking activities : for teenagers and adults / Jackie Bolen

Bolen, Jackie (Author).

Record details

  • ISBN: 9781514244647
  • Physical Description: 113 stran
  • Publisher: [Canada?] : Jackie Bolen, [2015]
Subject: angličtina
jazyková výuka
jazykové hry
studium jazyků
English language
language teaching and learning
language games
language learning
Genre: příručky
handbooks and manuals

Available copies

  • 2 of 2 copies available at Common Catalog SPOK.

Holds

  • 0 current holds with 2 total copies.
Show Only Available Copies
Location Call Number / Copy Notes Barcode Shelving Location Status Due Date
Department of Languages AU 424480046403 Příruční knihovna (KJZ) - ptejte se knihovníka Available -
Jabok Library JZ-4.2/B 424480046404 Odborná literatura Available -

LDR 01449nam a22004097i 4500
00157820
003CZ-PrJAB
00520220401104038.0
008220309t20152015xxc||||| |||||||| ||eng d
020 . ‡a9781514244647 ‡q(brožováno)
035 . ‡a(CZ PrSKC)006497791
040 . ‡aBOD003 ‡bcze ‡erda
072 7. ‡a811.111 ‡xAngličtina ‡2Konspekt ‡911
080 . ‡a811.111 ‡2MRF
080 . ‡a81'24 ‡2MRF
080 . ‡a81:371.382 ‡2MRF
080 . ‡a(035) ‡2MRF
1001 . ‡aBolen, Jackie ‡7mub20221143835 ‡4aut
24510. ‡a39 no-prep/low-prep ESL speaking activities : ‡b for teenagers and adults / ‡cJackie Bolen
264 1. ‡a[Canada?] : ‡bJackie Bolen, ‡c[2015]
264 4. ‡c©2015
300 . ‡a113 stran
336 . ‡atext ‡btxt ‡2rdacontent
337 . ‡abez média ‡bn ‡2rdamedia
338 . ‡asvazek ‡bnc ‡2rdacarrier
65007. ‡aangličtina ‡7ph114056 ‡2czenas
65007. ‡ajazyková výuka ‡7ph162894 ‡2czenas
65007. ‡ajazykové hry ‡7ph175735 ‡2czenas
65007. ‡astudium jazyků ‡7ph162895 ‡2czenas
65009. ‡aEnglish language ‡2eczenas
65009. ‡alanguage teaching and learning ‡2eczenas
65009. ‡alanguage games ‡2eczenas
65009. ‡alanguage learning ‡2eczenas
655 7. ‡apříručky ‡7fd133209 ‡2czenas
655 9. ‡ahandbooks and manuals ‡2eczenas
910 . ‡aABG312
995 . ‡aska
901 . ‡a57820 ‡bCZ PrSKC ‡c57820 ‡tbiblio

Additional Resources